AFC East Division Winners since 2000 - Statistics

General Stats
  • This quiz has been taken 35 times
  • The average score is 5 of 24
Answer Stats
Hint Answer % Correct
2020 1 2 3 4 Bills
100%
2013 1 2 3 4 New England Patriots
96%
2007 1 2 3 4 Patriots
85%
2009 1 2 3 4 NE
31%
2017 1 2 3 4 Pats
27%
2023 1 2 3 4 BUFFALO
23%
2022 1 2 3 4 buffalo
23%
2021 1 2 3 4 BuFfAlO
23%
2019 1 2 3 4 New England
19%
2018 1 2 3 4 New England
19%
2004 1 2 3 4 England
8%
2002 1 2 3 4 da jets
0%
2012 1 2 3 4 da pats
0%
2006 1 2 3 4 England New
0%
2010 1 2 3 4 England New Pats
0%
2014 1 2 3 4 Gronk Spike team
0%
2011 1 2 3 4 Patriots England New
0%
2003 1 2 3 4 PATS or PATRIOTS
0%
2005 1 2 3 4 PPAATTRRIIOOTTSS
0%
2001 1 2 3 4 stoirtaP
0%
2016 1 2 3 4 The Brady's
0%
2000 1 2 3 4 The team that has Tua as QB
0%
2008 1 2 3 4 The team that Tyreek Hill plays for
0%
2015 1 2 3 4 The Tom Brady's
0%
No matching quizzes found
Score Distribution
Percent of People with Each Score
Percentile by Number Answered
Your Score History
You have not taken this quiz